[Event "Ayr op"]
[Site "Ayr"]
[Date "2016.05.29"]
[Round "4"]
[White "Doyle, James J"]
[Black "Coffey, Patrick"]
[Result "0-1"]
[WhiteElo "1917"]
[BlackElo "2177"]
[PlyCount "94"]
[EventDate "2016.05.27"]
[EventType "swiss"]
[EventRounds "5"]
[EventCountry "SCO"]
[SourceTitle "CBM 172 Extra"]
[Source "ChessBase"]
[SourceDate "2016.06.21"]
[SourceVersion "1"]
[SourceVersionDate "2016.06.21"]
[SourceQuality "1"]

1. e4 c5 2. Nf3 e6 3. b3 a6 4. Bb2 Nc6 5. Be2 Qc7 6. c4 Nf6 7. d3 d6 8. Nc3 Bd7 9. 0-0 Be7 10. d4 cxd4 11. Nxd4 0-0 12. Kh1 Rfe8 13. f4 Bf8 14. Bf3 Rad8 15. Nxc6 Bxc6 16. Qe2 Nd7 17. Qf2 b5 18. cxb5 axb5 19. b4 Qb7 20. a3 Rc8 21. Rad1 Nb6 22. Rfe1 Nc4 23. Bc1 Qa6 24. Nb1 Qa8 25. Qe2 Rc7 26. e5 d5 27. Qf2 Ra7 28. g4 Qb7 29. h3 Rea8 30. Kh2 Qd7 31. f5 Qc7 32. fxe6 fxe6 33. Kg1 Nxe5 34. Bg2 Bd6 35. Be3 Rf8 36. Qc2 Raa8 37. Bd4 Rac8 38. Qe2 Nf7 39. Qxe6 Rce8 40. Qf5 Ne5 41. Qc2 Nf3+ 42. Bxf3 Rxe1+ 43. Rxe1 Rxf3 44. Re3 Rxe3 45. Bxe3 Qe7 46. Qf2 d4 47. Bxd4 Qe4 0-1

[Event "Ayr op"]
[Site "Ayr"]
[Date "2016.05.28"]
[Round "2"]
[White "Pannwitz, Kai"]
[Black "Coffey, Patrick"]
[Result "1/2-1/2"]
[WhiteElo "1826"]
[BlackElo "2177"]
[PlyCount "172"]
[EventDate "2016.05.27"]
[EventType "swiss"]
[EventRounds "5"]
[EventCountry "SCO"]
[SourceTitle "CBM 172 Extra"]
[Source "ChessBase"]
[SourceDate "2016.06.21"]
[SourceVersion "1"]
[SourceVersionDate "2016.06.21"]
[SourceQuality "1"]

1. d4 d5 2. c4 e6 3. Nc3 Nf6 4. cxd5 exd5 5. Bg5 c6 6. Qc2 h6 7. Bh4 g6 8. e3 Bf5 9. Qd2 Nbd7 10. f3 Bg7 11. g4 Be6 12. Bd3 Ne4 13. Bxd8 Nxd2 14. Bc7 Nc4 15. Bxc4 dxc4 16. Nge2 Nb6 17. Nf4 Nd5 18. Nxe6 fxe6 19. Nxd5 cxd5 20. f4 Kd7 21. Be5 Bxe5 22. fxe5 Raf8 23. Rf1 Rxf1+ 24. Kxf1 Rf8+ 25. Ke2 b5 26. a3 a5 27. h3 Kc6 28. h4 Rf7 29. Ra2 a4 30. Ra1 b4 31. Rb1 Rb7 32. axb4 Rxb4 33. Kd2 Rb3 34. h5 gxh5 35. gxh5 a3 36. Kc2 axb2 37. Rxb2 Rxe3 38. Rb8 Re2+ 39. Kc3 Re3+ 40. Kc2 Rh3 41. Rd8 Rxh5 42. Rd6+ Kb5 43. Rxe6 Rh2+ 44. Kc3 Rh3+ 45. Kc2 Rd3 46. Rxh6 Rxd4 47. Rh8 Re4 48. Re8 Kc6 49. Re6+ Kc5 50. Re8 Kd4 51. e6 Re2+ 52. Kd1 Re5 53. e7 Kc3 54. Rd8 Rxe7 55. Rxd5 Ra7 56. Rc5 Ra1+ 57. Ke2 Rh1 58. Rc8 Kb3 59. Kd2 Rh2+ 60. Kc1 Kc3 61. Kd1 Rg2 62. Rc7 Rg1+ 63. Ke2 Rc1 64. Rc8 Rb1 65. Rc7 Rb6 66. Kd1 Rf6 67. Rc8 Rf5 68. Rc7 Rf4 69. Rc8 Rd4+ 70. Kc1 Rd5 71. Rc7 Kd3 72. Rh7 Kc3 73. Rc7 Rg5 74. Kd1 Rg1+ 75. Ke2 Rb1 76. Rc8 Rb4 77. Kd1 Ra4 78. Rc7 Ra1+ 79. Ke2 Ra4 80. Kd1 Rb4 81. Kc1 Ra4 82. Kd1 Kb3 83. Rb7+ Kc3 84. Rc7 Ra1+ 85. Ke2 Kb3 86. Kd2 c3+ 1/2-1/2

[Event "Edinburgh Premier"]
[Site "Edinburgh"]
[Date "2016.04.09"]
[Round "2.8"]
[White "Durno, Joy"]
[Black "Coffey, Patrick"]
[Result "0-1"]
[WhiteElo "1872"]
[BlackElo "2199"]
[PlyCount "37"]
[EventDate "2016.04.08"]
[EventType "swiss"]
[EventRounds "5"]
[EventCountry "SCO"]
[SourceTitle "EXT 2023"]
[Source "ChessBase"]
[SourceDate "2022.10.05"]
[SourceVersion "1"]
[SourceVersionDate "2022.10.05"]
[SourceQuality "1"]

1. d4 d5 2. c4 e6 3. Nf3 Nf6 4. g3 Nc6 5. Bg2 dxc4 6. 0-0 Rb8 7. Re1 Be7 8. e4 0-0 9. Nc3 b5 10. d5 Nb4 11. Nd4 e5 12. Ndxb5 Nd3 13. Re2 Bg4 14. f3 Bd7 15. a4 c6 16. dxc6 Bxc6 17. Kf1 Bc5 18. Na3 Ng4 19. Bh3 0-1

[Event "Dundee & Angus op"]
[Site "Dundee"]
[Date "2015.10.11"]
[Round "5"]
[White "Robinson, Stephen"]
[Black "Coffey, Patrick"]
[Result "0-1"]
[WhiteElo "1753"]
[BlackElo "2198"]
[PlyCount "113"]
[EventDate "2015.10.09"]
[EventType "swiss"]
[EventRounds "5"]
[EventCountry "SCO"]
[SourceTitle "EXT 2023"]
[Source "ChessBase"]
[SourceDate "2022.10.05"]
[SourceVersion "1"]
[SourceVersionDate "2022.10.05"]
[SourceQuality "1"]

1. f4 d5 2. Nf3 g6 3. g3 c6 4. Bg2 Bg7 5. c3 Nd7 6. d4 Nh6 7. 0-0 Nf5 8. Qc2 Nf6 9. Ne5 Nd6 10. Nd2 0-0 11. b3 Bf5 12. Nd3 Nfe4 13. Nf3 f6 14. Nh4 Bc8 15. Kh1 Nf5 16. Nxf5 Bxf5 17. Ba3 Rf7 18. e3 h5 19. c4 Rc8 20. Rac1 Bf8 21. Qe2 e6 22. c5 Rh7 23. Bb4 Qd7 24. Be1 Bg7 25. Nf2 Nxf2+ 26. Bxf2 e5 27. dxe5 fxe5 28. e4 dxe4 29. Bxe4 exf4 30. Bxf5 Qxf5 31. Qc4+ Qd5+ 32. Qxd5+ cxd5 33. gxf4 Bh6 34. Bd4 Re7 35. Rc2 Kf7 36. f5 g5 37. a3 a6 38. b4 g4 39. f6 Re4 40. Bb2 h4 41. Rf5 h3 42. Kg1 Ke6 43. Rh5 Be3+ 44. Kf1 d4 45. Ke2 Kxf6 46. Kd3 Rf4 47. Rc4 Kg6 48. Rd5 g3 49. Rd6+ Rf6 50. Rxf6+ Kxf6 51. Bxd4+ Bxd4 52. Kxd4 Rd8+ 53. Ke3 g2 54. Rc1 Ke5 55. a4 Rf8 56. Ke2 Kd5 57. b5 0-1

[Event "Dundee & Angus op"]
[Site "Dundee"]
[Date "2015.10.10"]
[Round "2"]
[White "Coffey, Patrick"]
[Black "Pannwitz, Kai"]
[Result "1-0"]
[WhiteElo "2198"]
[BlackElo "1879"]
[PlyCount "74"]
[EventDate "2015.10.09"]
[EventType "swiss"]
[EventRounds "5"]
[EventCountry "SCO"]
[SourceTitle "EXT 2023"]
[Source "ChessBase"]
[SourceDate "2022.10.05"]
[SourceVersion "1"]
[SourceVersionDate "2022.10.05"]
[SourceQuality "1"]

1. e4 c5 2. Nf3 d6 3. h3 Nf6 4. c3 Nc6 5. Bd3 g6 6. Bc2 Bg7 7. 0-0 0-0 8. d4 cxd4 9. cxd4 d5 10. e5 Ne4 11. Nc3 Bf5 12. Ng5 Nxc3 13. bxc3 Bxc2 14. Qxc2 e6 15. f4 Qa5 16. Bd2 Rac8 17. Qd3 Ne7 18. g4 Qa6 19. Qe3 Rc6 20. Rf2 Rb6 21. Nf3 Rc8 22. Ne1 Rb2 23. a4 b6 24. Nd3 Rb3 25. Rc1 Qxa4 26. f5 exf5 27. Kg2 Qd7 28. Rcf1 Rc6 29. Qf3 h6 30. Nb4 Re6 31. Qd1 Ra3 32. Qc1 Ra4 33. Bxh6 Bh8 34. Bg5 f6 35. exf6 Bxf6 36. Bxf6 Rxf6 37. Nd3 Kf7 1-0

[Event "East of Scotland"]
[Site "Grangemouth"]
[Date "2005.??.??"]
[Round "4"]
[White "Coffey, Patrick"]
[Black "Grant, Alan"]
[Result "1-0"]
[WhiteElo "2120"]
[BlackElo "2182"]
[PlyCount "53"]
[EventDate "2005.??.??"]
[EventType "swiss"]
[EventRounds "5"]
[EventCountry "SCO"]
[SourceTitle "EXT 2007"]
[Source "ChessBase"]
[SourceDate "2006.11.23"]
[SourceVersion "1"]
[SourceVersionDate "2006.11.23"]
[SourceQuality "1"]

1. e4 d6 2. d4 Nf6 3. Nc3 g6 4. Be3 c6 5. Qd2 b5 6. Bd3 Nbd7 7. a4 b4 8. Nce2 a5 9. Nf3 e5 10. 0-0 Bg7 11. dxe5 dxe5 12. c3 c5 13. cxb4 cxb4 14. Bb5 Ba6 15. Bc6 Rc8 16. Nxe5 0-0 17. Bxd7 Nxe4 18. Qd4 Bxe5 19. Qxe4 Qxd7 20. Qxe5 Rfe8 21. Qxa5 Bxe2 22. Rfe1 Qg4 23. h3 Qc4 24. Rac1 Qb3 25. Rxc8 Rxc8 26. Qe5 Bd3 27. Bd4 1-0

[Event "Glasgow op"]
[Site "Glasgow"]
[Date "2004.11.06"]
[Round "3"]
[White "McKay, Roderick M"]
[Black "Coffey, Patrick"]
[Result "0-1"]
[WhiteElo "2348"]
[BlackElo "2110"]
[PlyCount "110"]
[EventDate "2004.11.05"]
[EventType "swiss"]
[EventRounds "5"]
[EventCountry "SCO"]
[SourceTitle "EXT 2006"]
[Source "ChessBase"]
[SourceDate "2005.11.24"]
[SourceVersion "1"]
[SourceVersionDate "2005.11.24"]
[SourceQuality "1"]

1. Nf3 Nf6 2. c4 c5 3. Nc3 b6 4. g3 Bb7 5. Bg2 d6 6. 0-0 e6 7. Re1 Be7 8. e4 0-0 9. d4 cxd4 10. Nxd4 Nfd7 11. b3 a6 12. Bb2 Ra7 13. Rc1 Nc6 14. Nxc6 Bxc6 15. Qd4 Nf6 16. f4 d5 17. Kh1 Bc5 18. Qd1 dxc4 19. Qe2 cxb3 20. axb3 Qe7 21. Na4 Bb5 22. Qf3 Nd7 23. Nc3 Bc6 24. Nd5 Qd6 25. Nxb6 Bxe4 26. Qxe4 Qxb6 27. b4 Qxb4 28. Qxb4 Bxb4 29. Red1 Nf6 30. f5 a5 31. Bxf6 gxf6 32. Rc6 Re8 33. Rb6 Kg7 34. Bc6 Rc8 35. fxe6 fxe6 36. Rd7+ Rxd7 37. Bxd7 Rc1+ 38. Kg2 e5 39. Bf5 Rc7 40. g4 Ra7 41. Be4 Bd2 42. h4 a4 43. Rb7+ Rxb7 44. Bxb7 a3 45. Bd5 Be1 46. h5 Kh6 47. Kf3 Kg5 48. Be6 Bd2 49. Ke4 Kh6 50. Bd5 Kg7 51. Kd3 Bc1 52. Kc2 Bb2 53. Be4 Kh6 54. Bd5 Kg5 55. Be6 Kf4 0-1

[Event "Grangemouth op"]
[Site "Grangemouth"]
[Date "2004.09.11"]
[Round "3"]
[White "Coffey, Patrick"]
[Black "Condie, Mark L"]
[Result "0-1"]
[WhiteElo "2099"]
[BlackElo "2415"]
[PlyCount "66"]
[EventDate "2004.09.10"]
[EventType "swiss"]
[EventRounds "5"]
[EventCountry "SCO"]
[SourceTitle "EXT 2006"]
[Source "ChessBase"]
[SourceDate "2005.11.24"]
[SourceVersion "1"]
[SourceVersionDate "2005.11.24"]
[SourceQuality "1"]

1. e4 c5 2. Nf3 d6 3. d4 Nf6 4. Nc3 cxd4 5. Nxd4 g6 6. Be3 Bg7 7. f3 Nc6 8. Qd2 0-0 9. 0-0-0 Be6 10. Kb1 Ne5 11. Nxe6 fxe6 12. Bh6 Bxh6 13. Qxh6 Rc8 14. Qd2 Qc7 15. Nb5 Qb6 16. Qd4 Rc5 17. Nc3 Qc6 18. f4 Nf7 19. Bd3 e5 20. fxe5 Nxe5 21. Rhf1 Kg7 22. a3 Rc8 23. Na2 a5 24. b4 axb4 25. axb4 Rxc2 26. Rc1 Nxd3 27. Qxd3 Qxe4 28. Qxe4 Rxc1+ 29. Rxc1 Rxc1+ 30. Nxc1 Nxe4 31. Nb3 Nc3+ 32. Kb2 Nd5 33. Ka3 b5 0-1

[Event "Grangemouth op"]
[Site "Grangemouth"]
[Date "2004.09.10"]
[Round "1"]
[White "Coffey, Patrick"]
[Black "Mannion, Stephen R"]
[Result "1/2-1/2"]
[WhiteElo "2099"]
[BlackElo "2333"]
[PlyCount "56"]
[EventDate "2004.09.10"]
[EventType "swiss"]
[EventRounds "5"]
[EventCountry "SCO"]
[SourceTitle "EXT 2006"]
[Source "ChessBase"]
[SourceDate "2005.11.24"]
[SourceVersion "1"]
[SourceVersionDate "2005.11.24"]
[SourceQuality "1"]

1. e4 e5 2. Nf3 Nc6 3. Bb5 a6 4. Ba4 Nf6 5. 0-0 Be7 6. Bxc6 dxc6 7. d3 Nd7 8. Nbd2 0-0 9. Nc4 f6 10. Nh4 Nc5 11. Be3 Be6 12. Nf5 Bxf5 13. exf5 Qd7 14. Qh5 b5 15. Nd2 Qd5 16. b3 Rad8 17. f3 a5 18. Kh1 Na6 19. Ne4 Nb4 20. Rf2 Qf7 21. Qxf7+ Rxf7 22. a4 Nd5 23. Bd2 b4 24. g4 g6 25. Re1 Kh8 26. f4 gxf5 27. gxf5 exf4 28. Bxf4 Nxf4 1/2-1/2

[Event "Glasgow op"]
[Site "Glasgow"]
[Date "2003.??.??"]
[Round "4"]
[White "Coffey, Patrick"]
[Black "Grant, Jonathan"]
[Result "1/2-1/2"]
[WhiteElo "2045"]
[BlackElo "2230"]
[PlyCount "80"]
[EventDate "2003.??.??"]
[EventType "swiss"]
[EventRounds "5"]
[EventCountry "SCO"]
[SourceTitle "EXT 2007"]
[Source "ChessBase"]
[SourceDate "2006.11.23"]
[SourceVersion "1"]
[SourceVersionDate "2006.11.23"]
[SourceQuality "1"]

1. e4 c6 2. d4 d5 3. Nd2 dxe4 4. Nxe4 Bf5 5. Ng3 Bg6 6. h4 h6 7. Nf3 Nd7 8. h5 Bh7 9. Bd3 Bxd3 10. Qxd3 e6 11. Bf4 Ngf6 12. 0-0-0 Be7 13. Kb1 0-0 14. Rhe1 a5 15. Qe2 a4 16. Ne5 a3 17. Nxd7 Qxd7 18. b3 Bb4 19. Bd2 Bxd2 20. Qxd2 Rfd8 21. Ne4 Nxe4 22. Rxe4 c5 23. g4 Qc6 24. Rde1 cxd4 25. Rxd4 Rxd4 26. Qxd4 Qc7 27. Rd1 e5 28. Qd3 Qb6 29. Qe3 Rd8 30. Kc1 Rxd1+ 31. Kxd1 Qb5 32. c4 Qd7+ 33. Kc2 Qxg4 34. Qxe5 Qf3 35. c5 Qxf2+ 36. Kd1 Qxa2 37. Qe8+ Kh7 38. Qe4+ Kg8 39. Qe8+ Kh7 40. Qe4+ Kg8 1/2-1/2